<?xml version="1.0" encoding="UTF-8"?>
<collection xmlns="http://www.loc.gov/MARC21/slim">
 <record>
  <leader>01334nam a22002057a 4500</leader>
  <controlfield tag="001">NCT_55901</controlfield>
  <controlfield tag="008">190104b        xxu||||| |||| 00| 0 vie d</controlfield>
  <datafield tag="999" ind1=" " ind2=" ">
   <subfield code="c">2697</subfield>
   <subfield code="d">2697</subfield>
  </datafield>
  <datafield tag="020" ind1=" " ind2=" ">
   <subfield code="c">33000</subfield>
  </datafield>
  <datafield tag="082" ind1="0" ind2="4">
   <subfield code="2">23rd ed.</subfield>
   <subfield code="a">613</subfield>
   <subfield code="b">Y603</subfield>
  </datafield>
  <datafield tag="100" ind1="1" ind2=" ">
   <subfield code="a">Đoàn Yên</subfield>
  </datafield>
  <datafield tag="245" ind1="1" ind2="0">
   <subfield code="a">Sức khỏe trong tay chúng ta :</subfield>
   <subfield code="b">Dành cho lứa tuổi trung niên và người cao tuổi</subfield>
   <subfield code="c">Đoàn Yên</subfield>
  </datafield>
  <datafield tag="250" ind1=" " ind2=" ">
   <subfield code="a">Tái bản lần thứ nhất có sửa chữa và bổ sung</subfield>
  </datafield>
  <datafield tag="260" ind1=" " ind2=" ">
   <subfield code="a">H.</subfield>
   <subfield code="b">Y học</subfield>
   <subfield code="c">2010</subfield>
  </datafield>
  <datafield tag="300" ind1=" " ind2=" ">
   <subfield code="a">198tr.</subfield>
   <subfield code="c">13cm</subfield>
  </datafield>
  <datafield tag="520" ind1="3" ind2=" ">
   <subfield code="a">Sức khỏe trong tay chúng ta chỉ ta cách sinh hoạt, sống và chế độ dinh dưỡng sao cho đảm bảo sức khỏe. Các nhà nghiên cứu nhiều nước khẳng định rằng sức khỏe của cư dân chiếm có 8-10% phụ thuộc bởi y tế, 45% được định bởi lôí sông, dinh dưỡng, 17-20&amp; được gây nên bởi điều kiện môi trường ngoài và khoảng đấy % do di truyền của con người.</subfield>
  </datafield>
  <datafield tag="653" ind1=" " ind2=" ">
   <subfield code="a">Y Đa khoa</subfield>
  </datafield>
  <datafield tag="942" ind1=" " ind2=" ">
   <subfield code="2">ddc</subfield>
   <subfield code="c">BK</subfield>
  </datafield>
  <datafield tag="952" ind1=" " ind2=" ">
   <subfield code="0">0</subfield>
   <subfield code="1">0</subfield>
   <subfield code="2">ddc</subfield>
   <subfield code="4">0</subfield>
   <subfield code="6">613_000000000000000_Y603</subfield>
   <subfield code="7">0</subfield>
   <subfield code="9">14945</subfield>
   <subfield code="a">000001</subfield>
   <subfield code="b">000001</subfield>
   <subfield code="d">2019-01-04</subfield>
   <subfield code="o">613 Y603</subfield>
   <subfield code="p">MD.14060</subfield>
   <subfield code="r">2019-01-04</subfield>
   <subfield code="v">33000.00</subfield>
   <subfield code="w">2019-01-04</subfield>
   <subfield code="y">BK</subfield>
  </datafield>
  <datafield tag="980" ind1=" " ind2=" ">
   <subfield code="a">Thư viện Trường Đại học Nam Cần Thơ</subfield>
  </datafield>
 </record>
</collection>
